000 00419nam a22001697a 4500
003 MPLRDC
005 20220104143059.0
008 210129b ||||| |||| 00| 0 eng d
082 _a859.6 ETLY v.996
100 _a儿童乐园编辑部
245 _a儿童乐园. 996
_c
260 _a
_b儿童乐园半月刊社
_c1994
300 _b
490 _a儿童乐园;996
650 _a
942 _cBK
_o859.6 ETLY v.996
999 _c36433
_d36423